[Event "PNWCC Masters WOO 2020"]
[Site "chess.com INT"]
[Date "2020.07.06"]
[Round "7.34"]
[White "Liang, Justin"]
[Black "Kunka, Harshid"]
[Result "1/2-1/2"]
[WhiteElo "2067"]
[BlackElo "1913"]
[WhiteFideId "2099942"]
[BlackFideId "30922216"]
[EventDate "2020.07.04"]

1. d4 d5 2. c4 dxc4 3. Nf3 Nf6 4. e3 e6 5. Bxc4 c5 6. O-O Nc6 7. Nc3 a6 8. Qe2
b5 9. Bb3 Na5 10. Rd1 Qb6 11. Bc2 Be7 12. e4 Bb7 13. a3 cxd4 14. Nxd4 O-O 15.
Bg5 Rfd8 16. Nf3 h6 17. Bh4 Kf8 18. e5 Ng8 19. Ne4 Bxh4 20. Nxh4 Nc4 21. Nf3 Qc7
22. Ned2 Nxd2 23. Rxd2 Rxd2 24. Qxd2 Bxf3 25. gxf3 Qxe5 26. Be4 Rb8 27. f4 Qc7
28. Rc1 Qe7 29. Rc6 Rd8 30. Qe3 Qh4 31. Qg3 Qxg3+ 32. hxg3 Nf6 33. Bf3 Rd2 34.
Rxa6 Rxb2 35. Rb6 Rb3 36. Bc6 Rxa3 37. Rxb5 Kg8 38. Kg2 Kh7 39. Bf3 Kg6 40. Rc5
Ra2 41. Kf1 Rd2 42. Ke1 Rb2 43. Kf1 Ra2 44. Kg2 Ra7 45. Be2 Kh7 46. Bd3+ g6 47.
Be2 Kg7 48. Bf3 Kf8 49. Rb5 h5 50. Rb8+ Ke7 51. Rb7+ Rxb7 52. Bxb7 Nd7 53. Kf3
Kf6 54. Bc6 Nc5 55. Be8 Ke7 56. Bb5 Nd7 57. Bd3 Nf6 58. Bc4 Ng4 59. Bb5 Kf6 60.
Be8 Nh6 61. Bc6 Nf5 62. Be4 e5 63. fxe5+ Kxe5 64. Bd3 g5 65. Bc4 Nd6 66. Be2 Nf5
67. Bc4 Nd4+ 68. Kg2 Kf6 69. Bd3 g4 70. Be4 Kg5 71. Bd5 f5 72. Bc4 Nc6 73. Bd5
Ne5 74. Be6 Nd3 75. Bc4 Ne1+ 76. Kf1 Nf3 77. Bd5 f4 78. Kg2 Ne1+ 79. Kf1 Nd3 80.
Bf7 f3 81. Bc4 Ne5 82. Be6 Nc6 83. Bd5 Nd4 84. Be4 Nf5 85. Bd5 Ne7 86. Be4 Ng6
87. Ke1 Ne5 88. Kd2 h4 89. gxh4+ Kxh4 90. Ke3 Kg5 91. Bd5 Nd7 92. Bxf3 1/2-1/2

[Event "PNWCC Masters WOO 2020"]
[Site "chess.com INT"]
[Date "2020.07.06"]
[Round "7.35"]
[White "Feng, Eric"]
[Black "Stefanov, Emil"]
[Result "1/2-1/2"]
[BlackTitle "IM"]
[WhiteElo "1898"]
[BlackElo "2350"]
[WhiteFideId "30923972"]
[BlackFideId "2914794"]
[EventDate "2020.07.04"]

1. d4 Nf6 2. c4 b6 3. Nf3 Bb7 4. g3 g6 5. Bg2 Bg7 6. O-O O-O 7. Nc3 Ne4 8. Qc2
Nxc3 9. bxc3 e6 10. e4 Nc6 11. Ba3 Re8 12. c5 Na5 13. cxb6 cxb6 14. Nd2 d6 15.
f4 Rc8 16. Qd3 Qd7 17. Rfc1 Red8 18. Bb4 Qa4 19. Bxa5 Qxa5 20. a4 Ba6 21. Qe3 e5
22. fxe5 dxe5 23. d5 Qc5 24. Qxc5 Rxc5 25. c4 Bh6 26. Rc2 Be3+ 27. Kf1 Bxd2 28.
Rxd2 Bxc4+ 29. Kf2 Kf8 30. Rc2 Ke7 31. Bh3 Bd3 32. Rxc5 bxc5 33. Ke3 c4 34. Bf1
Bxf1 35. Rxf1 Rb8 36. Kd2 Rb3 37. Rc1 Rd3+ 38. Ke2 Rd4 39. Ke3 f5 40. exf5 gxf5
41. Rf1 Kf6 42. Rc1 a5 43. h3 h5 44. h4 Rd3+ 45. Ke2 Rxg3 46. Rxc4 Rg4 47. Rc6+
Kf7 48. Rc7+ Ke8 49. d6 Rxa4 50. Kf3 Rf4+ 51. Kg3 Kd8 52. Re7 Rg4+ 53. Kf3 Re4
54. Ra7 a4 55. Re7 a3 56. Kg3 f4+ 57. Kf3 Re3+ 58. Kf2 a2 59. Ra7 Rh3 60. Kg2
Rxh4 61. Rxa2 Kd7 62. Kf3 Rh3+ 63. Ke4 Kxd6 64. Ra6+ Kc5 65. Kxe5 f3 66. Rf6 h4
67. Ke4 Kc4 68. Rxf3 Rxf3 69. Kxf3 Kb3 70. Kg4 Kc3 71. Kxh4 1/2-1/2

[Event "PNWCC Masters WOO 2020"]
[Site "chess.com INT"]
[Date "2020.07.06"]
[Round "7.37"]
[White "Jiang, Brandon"]
[Black "Liang, Jason"]
[Result "0-1"]
[BlackTitle "FM"]
[WhiteElo "1954"]
[BlackElo "2340"]
[WhiteFideId "30943582"]
[BlackFideId "30940303"]
[EventDate "2020.07.04"]

1. e4 c6 2. d4 d5 3. exd5 cxd5 4. Bd3 Nc6 5. c3 Qc7 6. h3 Nf6 7. Nf3 g6 8. O-O
Bg7 9. Na3 O-O 10. Qe2 Bf5 11. Nc2 e6 12. Re1 Rfe8 13. Ne3 Bxd3 14. Qxd3 Rad8
15. Nc2 Ne4 16. Ng5 Nd6 17. Bf4 Qd7 18. Nf3 f6 19. Bh2 Nf5 20. g4 Nd6 21. b3 Nf7
22. c4 f5 23. gxf5 exf5 24. c5 Re4 25. Rad1 Rde8 26. b4 Ncd8 27. b5 Ne6 28. Ne5
Nxc5 29. dxc5 Bxe5 30. Rxe4 Bxh2+ 31. Kxh2 Qc7+ 32. Kg2 dxe4 33. Qd5 Rd8 34. b6
axb6 35. cxb6 Qxc2 36. Qxd8+ Nxd8 37. Rxd8+ Kg7 38. Rd7+ Kh6 39. Rxb7 e3 40. Re7
Qxf2+ 41. Kh1 e2 42. b7 e1=Q+ 43. Rxe1 Qxe1+ 44. Kg2 Qe4+ 0-1

[Event "PNWCC Masters WOO 2020"]
[Site "chess.com INT"]
[Date "2020.07.06"]
[Round "7.38"]
[White "Johnson, Donald"]
[Black "Zhao, Erick"]
[Result "1-0"]
[BlackTitle "CM"]
[WhiteElo "1857"]
[BlackElo "2039"]
[WhiteFideId "30949122"]
[BlackFideId "30946930"]
[EventDate "2020.07.04"]

1. e4 c5 2. Nf3 d6 3. d4 cxd4 4. Nxd4 Nf6 5. Nc3 a6 6. h3 e5 7. Nde2 h5 8. Bg5
Be6 9. Bxf6 Qxf6 10. Nd5 Qd8 11. Qd3 Nc6 12. O-O-O Rc8 13. Kb1 Qa5 14. f4 Nb4
15. Nxb4 Qxb4 16. f5 Bc4 17. Qd2 Qc5 18. Nc3 Be7 19. Bxc4 Qxc4 20. Nd5 Bd8 21.
Rhe1 Rc6 22. Qf2 b5 23. Qe2 Qa4 24. Rd3 b4 25. Rb3 a5 26. Rd1 Bh4 27. g4 hxg4
28. hxg4 Bg5 29. Rf3 Rc5 30. b3 Qc6 31. Rf2 Kd7 32. Rh2 Rc8 33. Rdh1 a4 34. Qd3
axb3 35. Qxb3 Rc4 36. Qxc4 Qxc4 37. Nb6+ Ke7 38. Nxc4 Rxc4 39. Re2 Rc3 40. Rg1
Kd7 41. Ree1 Kc6 42. Rd1 Re3 43. Rge1 Rg3 44. Kb2 Be3 45. Rd3 Bd4+ 46. Kb3 Rxg4
47. Kxb4 Bc5+ 48. Kb3 g6 49. fxg6 fxg6 50. a4 Rh4 51. a5 Rh8 52. Ra1 Rb8+ 53.
Kc3 g5 54. Kd2 g4 55. a6 Ra8 56. Rg3 Kb6 57. Rxg4 Rxa6 58. Rxa6+ Kxa6 59. Kd3
Kb5 60. Rg8 Kc6 61. Kc4 Bd4 62. Rc8+ Kd7 63. Rh8 Kc6 64. Ra8 Kb7 65. Ra3 Kc6 66.
Ra6+ Kc7 67. Kd5 Bc5 68. Rc6+ Kd7 69. Rxc5 dxc5 70. Kxc5 Ke6 71. Kc6 Ke7 72. Kd5
Kd7 73. Kxe5 Kc6 74. Ke6 1-0

[Event "PNWCC Masters WOO 2020"]
[Site "chess.com INT"]
[Date "2020.07.06"]
[Round "7.39"]
[White "Chabris, Christopher"]
[Black "Chang, Eddie"]
[Result "0-1"]
[WhiteElo "2125"]
[BlackElo "1667"]
[WhiteFideId "2005263"]
[BlackFideId "30960932"]
[EventDate "2020.07.04"]

1. e4 c5 2. Nf3 d6 3. Bb5+ Bd7 4. Bxd7+ Nxd7 5. O-O Ngf6 6. Qe2 e6 7. d4 cxd4 8.
Nxd4 Be7 9. c4 a6 10. b3 O-O 11. Bb2 Rc8 12. Nc3 Qc7 13. Rad1 Rfe8 14. Rfe1 Qb8
15. f4 Nf8 16. Kh1 Ng6 17. f5 exf5 18. Nxf5 Bf8 19. Qd3 Ng4 20. Qg3 N4e5 21. a4
Kh8 22. Rd2 f6 23. Red1 Rcd8 24. h4 h5 25. Ba3 Ng4 26. Bxd6 Qa7 27. c5 Bxd6 28.
cxd6 Re5 29. Qf3 Rc5 30. Nd5 N6e5 31. Qg3 Rdc8 32. Nde3 Rc3 33. d7 Rd8 34. Re2
Rxd7 35. Rxd7 Nxd7 36. Qd6 Rc1+ 37. Nd1 Qf2 38. Qxd7 Qf1# 0-1

[Event "PNWCC Masters WOO 2020"]
[Site "chess.com INT"]
[Date "2020.07.06"]
[Round "7.40"]
[White "Ho, Carter"]
[Black "Maiti, Milind"]
[Result "0-1"]
[WhiteElo "1415"]
[BlackElo "2068"]
[WhiteFideId "30965292"]
[BlackFideId "2090767"]
[EventDate "2020.07.04"]

1. e4 c5 2. Nf3 e6 3. d4 cxd4 4. Nxd4 Nc6 5. Nc3 Qc7 6. Be3 a6 7. Qd2 Nf6 8.
O-O-O b5 9. f3 Be7 10. g4 O-O 11. g5 Nh5 12. h4 Rd8 13. Bh3 Na5 14. Bg4 Nc4 15.
Qf2 Nf4 16. Kb1 Nxb2 17. Bxf4 Qxc3 18. Bd2 Nxd1 19. Rxd1 Qc7 20. f4 Bb7 21. Bf3
Rac8 22. Rc1 Qc4 23. Be2 Qa4 24. Bd3 Bc5 25. c3 Bxd4 26. Qxd4 Qxd4 27. cxd4
Rxc1+ 28. Kxc1 Rc8+ 29. Kb2 f6 30. Ka3 d5 31. e5 fxe5 32. fxe5 Rf8 33. Kb4 Rf2
34. Kc3 Bc6 35. a3 Be8 36. Be1 Rf3 37. Kd2 Bg6 38. Bxg6 hxg6 39. Kc2 Rxa3 40.
Kb2 Rh3 41. Ka2 Kf7 42. Bb4 Ke8 43. Bd6 Rxh4 44. Kb3 Rxd4 45. Kc3 Rc4+ 46. Kb3
d4 47. Ba3 d3 48. Bc1 Rxc1 49. Kb4 d2 50. Ka5 d1=Q 51. Kb6 Qd8+ 0-1

[Event "PNWCC Masters WOO 2020"]
[Site "chess.com INT"]
[Date "2020.07.06"]
[Round "7.41"]
[White "Vijayakumar, Advaith"]
[Black "Vanapalli, Vishnu"]
[Result "0-1"]
[WhiteElo "1846"]
[BlackElo "1918"]
[WhiteFideId "30933196"]
[BlackFideId "30920523"]
[EventDate "2020.07.04"]

1. d4 d5 2. c4 dxc4 3. e3 Nf6 4. Bxc4 e6 5. Nf3 a6 6. b3 b5 7. Bd3 Bb7 8. O-O c5
9. dxc5 Bxc5 10. Qe2 O-O 11. Bb2 Nc6 12. Rd1 Qe7 13. Nc3 Nb4 14. Bb1 Rfd8 15.
Rxd8+ Rxd8 16. a3 Bxf3 17. Qxf3 Nd3 18. Bxd3 Rxd3 19. Qa8+ Qd8 20. Qxa6 Ne4 21.
g3 Nxc3 22. Bxc3 Rxc3 23. b4 Bf8 24. Qxb5 Qa8 25. Qd7 Bxb4 26. Qb5 Rxa3 27. Rd1
Ra1 28. Rxa1 Qxa1+ 29. Kg2 Qa8+ 30. Kg1 Bf8 31. Qd7 g6 32. h4 Bg7 33. Qb5 h5 34.
Qxh5 0-1

[Event "PNWCC Masters WOO 2020"]
[Site "chess.com INT"]
[Date "2020.07.06"]
[Round "7.42"]
[White "Leschinsky, Gary"]
[Black "Chen, Megan"]
[Result "1-0"]
[WhiteElo "1888"]
[BlackElo "1549"]
[WhiteFideId "30951321"]
[BlackFideId "30929121"]
[EventDate "2020.07.04"]

1. d4 Nf6 2. c4 c5 3. d5 e6 4. Nc3 exd5 5. cxd5 d6 6. e4 g6 7. Nge2 Bg7 8. Ng3
h5 9. Be2 h4 10. Nf1 h3 11. g3 a6 12. a4 Nbd7 13. Ne3 O-O 14. O-O Re8 15. f3 Ne5
16. f4 Ned7 17. Bf3 Qc7 18. Nc4 Rb8 19. e5 dxe5 20. fxe5 Nxe5 21. Nxe5 Nxd5 22.
Bxd5 Bxe5 23. Bxf7+ Kg7 24. Bxe8 Bd4+ 25. Qxd4+ cxd4 26. Rf7+ Qxf7 27. Bxf7 Kxf7
28. Bf4 Ra8 29. Ne4 Bg4 30. Kf2 Rd8 31. Nd2 Kf6 32. Nf3 Kf5 33. Re1 d3 34. Re5+
Kf6 35. Bg5+ 1-0

[Event "PNWCC Masters WOO 2020"]
[Site "chess.com INT"]
[Date "2020.07.06"]
[Round "7.43"]
[White "Lu, Ming"]
[Black "Aaron, Michael"]
[Result "1-0"]
[WhiteElo "2084"]
[BlackElo "1699"]
[WhiteFideId "30930880"]
[BlackFideId "30963346"]
[EventDate "2020.07.04"]

1. c4 e6 2. Nf3 d5 3. g3 c6 4. Bg2 Nf6 5. O-O Nbd7 6. b3 b6 7. Bb2 Bb7 8. d4 Be7
9. Nc3 O-O 10. e3 Rc8 11. Rc1 c5 12. Ne5 cxd4 13. exd4 a6 14. Qe2 Bd6 15. Rc2
Re8 16. Rfc1 Rc7 17. Na4 Bxe5 18. dxe5 Ne4 19. f3 Nec5 20. cxd5 exd5 21. b4 Ne6
22. Rxc7 Nxc7 23. f4 Nb5 24. Nc3 Nxc3 25. Bxc3 b5 26. Bd4 Nf6 27. Qc2 Ne4 28.
Qc7 Qe7 29. Qxe7 Rxe7 30. Rc2 h5 31. Kf1 Rd7 32. Ke2 Kf8 33. Ke3 Ke8 34. Bf3 g6
35. Bg2 Re7 36. Kd3 Re6 37. Bh3 Rc6 38. Rxc6 Bxc6 39. Bc8 Kd8 40. Bxa6 Kc7 41.
Kc2 Bd7 42. Be3 Bc6 43. Kb2 Bd7 44. Kb3 Bc6 45. Kc2 Bd7 46. Kb2 Bc6 47. a4 bxa4
48. b5 Bb7 49. Bxb7 Kxb7 50. Ka3 Nc3 51. Kb4 Nd1 52. Bd4 1-0

[Event "PNWCC Masters WOO 2020"]
[Site "chess.com INT"]
[Date "2020.07.06"]
[Round "7.44"]
[White "Jiang, Leo"]
[Black "Le, Harry"]
[Result "0-1"]
[WhiteElo "1592"]
[BlackElo "1833"]
[WhiteFideId "30952140"]
[BlackFideId "30927838"]
[EventDate "2020.07.04"]

1. d4 Nf6 2. c4 e6 3. Nf3 b6 4. g3 Bb7 5. Bg2 Be7 6. O-O O-O 7. Nbd2 Ne4 8. Nxe4
Bxe4 9. b3 c5 10. Bb2 Bf6 11. Qd2 Nc6 12. dxc5 Bxb2 13. Qxb2 bxc5 14. Rfd1 Qe7
15. Rac1 d6 16. Ne1 Bxg2 17. Nxg2 a5 18. Ne3 a4 19. bxa4 Rfb8 20. Qd2 Rxa4 21.
Rb1 Rd8 22. Qb2 Qa7 23. Ra1 h6 24. Kf1 Rb8 25. Qd2 Nd4 26. Nc2 Rb2 27. Qd3 Nxc2
28. Rab1 Qb7 0-1

[Event "PNWCC Masters WOO 2020"]
[Site "chess.com INT"]
[Date "2020.07.06"]
[Round "7.46"]
[White "Kozower, Ethan"]
[Black "Padhye, Rohan"]
[Result "1-0"]
[WhiteElo "1562"]
[BlackElo "1716"]
[WhiteFideId "30947227"]
[BlackFideId "30946034"]
[EventDate "2020.07.04"]

1. d4 d5 2. c4 c6 3. Nf3 Nf6 4. Nc3 e6 5. e3 a6 6. Qc2 c5 7. cxd5 exd5 8. Be2
Nc6 9. O-O Nb4 10. Qd1 Bf5 11. Bd2 Nc6 12. dxc5 Bxc5 13. Rc1 Ba7 14. Qb3 Qd7 15.
Na4 O-O 16. Nb6 Bxb6 17. Qxb6 Bg4 18. Bc3 Ne4 19. Nd4 Nxc3 20. Bxg4 Qxg4 21.
Rxc3 Nxd4 22. exd4 Rfe8 23. Rg3 Qe2 24. Qh6 g6 25. Rh3 Rac8 26. Qxh7+ Kf8 27.
Qh6+ Ke7 28. Re3+ Qxe3 29. fxe3 Rcd8 30. Qg5+ Kd6 31. Rxf7 Kc6 32. Qxg6+ Rd6 33.
Rf6 Rd8 34. Rxd6+ Rxd6 35. Qf5 Kb6 36. g4 Ka5 37. g5 Rb6 38. g6 Rxb2 39. g7 b5
40. g8=Q Rxa2 41. Qb8 Ra1+ 42. Kg2 Ra2+ 43. Kg3 Ra3 44. Qc7+ Ka4 45. Qfc2+ Rb3
46. Q7c3 b4 47. Q2xb3+ Ka5 48. Qbxb4# 1-0

[Event "PNWCC Masters WOO 2020"]
[Site "chess.com INT"]
[Date "2020.07.06"]
[Round "7.48"]
[White "Xu, Andrew"]
[Black "Sivakumar, Shaaketh"]
[Result "0-1"]
[WhiteElo "1524"]
[BlackElo "1870"]
[WhiteFideId "2623951"]
[BlackFideId "30940176"]
[EventDate "2020.07.04"]

1. e4 e6 2. d4 d5 3. Nd2 c5 4. c3 Nc6 5. Bb5 cxd4 6. cxd4 dxe4 7. Bxc6+ bxc6 8.
Nxe4 Bb4+ 9. Nc3 Nf6 10. Nf3 Ba6 11. Bg5 Qa5 12. Bd2 O-O 13. a3 Bxc3 14. Bxc3
Qf5 15. Qd2 Rab8 16. Qg5 Qe4+ 17. Qe3 Qd5 18. Qe5 Qb3 19. Qe3 Nd5 20. Qd2 Nxc3
21. bxc3 e5 22. dxe5 Rfd8 23. Nd4 Qb1+ 24. Rxb1 Rxb1+ 25. Qd1 Rxd1+ 26. Kxd1 c5
27. Kc2 cxd4 28. Rd1 d3+ 29. Kd2 g5 30. Ke3 Kg7 31. Rd2 f6 32. exf6+ Kxf6 33.
Ke4 Re8+ 34. Kf3 Re2 35. Rd1 d2 36. h3 Bd3 37. g3 Ke6 38. h4 g4+ 39. Kxg4 Bc2 0-1

[Event "PNWCC Masters WOO 2020"]
[Site "chess.com INT"]
[Date "2020.07.06"]
[Round "7.50"]
[White "Yang, Maxwell"]
[Black "Su, Kevin"]
[Result "0-1"]
[WhiteElo "1075"]
[BlackElo "1768"]
[WhiteFideId "30965268"]
[BlackFideId "30937370"]
[EventDate "2020.07.04"]

1. e4 c5 2. Nf3 e6 3. d4 cxd4 4. Nxd4 Nc6 5. Nc3 Qc7 6. Be3 a6 7. Qd2 Nf6 8.
O-O-O Be7 9. f3 h5 10. Nb3 b5 11. Kb1 Ne5 12. Qd4 Rb8 13. Bf4 d6 14. Be2 Nc4 15.
Bxc4 bxc4 16. Nd2 e5 17. Qxc4 Qxc4 18. Nxc4 exf4 19. Nxd6+ Bxd6 20. Rxd6 O-O 21.
e5 Nd7 22. Nd5 Nxe5 23. Ne7+ Kh7 24. Re1 Rxb2+ 25. Ka1 Rb5 26. c4 Nxc4 27. Rc6
Be6 28. Rc1 Re8 29. Nc8 Rxc8 30. Rxc8 Bxc8 31. Rxc4 Be6 32. Rxf4 Ra5 33. a4 g5
34. Rd4 Rd5 35. Rxd5 Bxd5 36. Kb2 f5 37. Kc3 g4 38. fxg4 hxg4 39. g3 Kg6 40. Kb4
Kg5 41. Kc5 Bg2 42. Kd4 f4 43. Kd3 f3 44. Ke3 Bf1 45. Kf2 Be2 46. Ke3 Kf5 47. a5
Ke5 48. Kf2 Ke4 49. h4 gxh3 50. Kg1 Ke3 51. Kh2 f2 52. Kxh3 f1=Q+ 53. Kh4 Qf5
54. g4 Qxg4# 0-1

[Event "PNWCC Masters WOO 2020"]
[Site "chess.com INT"]
[Date "2020.07.06"]
[Round "7.51"]
[White "McConnell, Griffin"]
[Black "Pradhyumna Kumar K"]
[Result "0-1"]
[WhiteElo "1823"]
[BlackElo "1844"]
[WhiteFideId "30942551"]
[BlackFideId "35081110"]
[EventDate "2020.07.04"]

1. e4 e5 2. Nf3 Nc6 3. Bb5 a6 4. Ba4 Nf6 5. d3 b5 6. Bb3 Be7 7. Bg5 d6 8. Nbd2
Na5 9. a4 Nxb3 10. Nxb3 Be6 11. axb5 Bxb3 12. cxb3 axb5 13. Bxf6 Bxf6 14. O-O c5
15. Qc2 O-O 16. Ra3 Rc8 17. Qe2 h6 18. Rfa1 d5 19. Ra5 Rb8 20. g3 Re8 21. Qc2
Qd6 22. Ra6 Rb6 23. Ra8 Reb8 24. Nd2 Bg5 25. Nf1 h5 26. Qe2 g6 27. h4 Bh6 28.
Qf3 d4 29. R1a7 Qe6 30. Qd1 c4 31. Nh2 c3 32. bxc3 dxc3 33. b4 Bf8 34. Nf3 Rxa8
35. Rxa8 Qg4 36. Kg2 Rf6 37. Qe2 c2 38. Ra1 Qxf3+ 39. Qxf3 Rxf3 40. Kxf3 Bh6 41.
d4 exd4 42. Ke2 c1=Q 43. Rxc1 Bxc1 44. Kd3 Bb2 45. f4 Bc3 0-1

[Event "PNWCC Masters WOO 2020"]
[Site "chess.com INT"]
[Date "2020.07.06"]
[Round "7.52"]
[White "Sairam, Pranav"]
[Black "Harish, Neeraj"]
[Result "1-0"]
[WhiteElo "1810"]
[BlackElo "1472"]
[WhiteFideId "30951330"]
[BlackFideId "30958130"]
[EventDate "2020.07.04"]

1. e4 c5 2. Nf3 Nc6 3. d4 cxd4 4. Nxd4 Nf6 5. Nc3 e5 6. Ndb5 d6 7. Bg5 a6 8. Na3
b5 9. Nd5 Be7 10. Bxf6 Bxf6 11. c3 O-O 12. Nc2 Rb8 13. Be2 Bg5 14. O-O Be6 15.
Nce3 Bxe3 16. Nxe3 Ne7 17. Bf3 Qd7 18. Qd2 a5 19. Rfd1 Rb6 20. c4 bxc4 21. Qxa5
Rxb2 22. Qc3 Rb6 23. Be2 Rc6 24. a4 Qc7 25. a5 f5 26. exf5 Nxf5 27. Nxf5 Bxf5
28. a6 Ra8 29. Ra4 Be6 30. Rda1 d5 31. Qb4 c3 32. Bb5 Rb6 33. Rc1 c2 34. Qa5 d4
35. h3 e4 36. Rxc2 Qxc2 37. Qxb6 Qc1+ 38. Bf1 Bd5 39. Rxd4 Bc6 40. Rc4 Qd1 41.
Qxc6 1-0

[Event "PNWCC Masters WOO 2020"]
[Site "chess.com INT"]
[Date "2020.07.06"]
[Round "8.1"]
[White "Sevian, Samuel"]
[Black "Xiong, Jeffery"]
[Result "1/2-1/2"]
[WhiteTitle "GM"]
[BlackTitle "GM"]
[WhiteElo "2660"]
[BlackElo "2709"]
[WhiteFideId "2040506"]
[BlackFideId "2047640"]
[EventDate "2020.07.04"]

1. e4 e5 2. Nf3 Nc6 3. Bb5 Nf6 4. d3 Bc5 5. Nbd2 d6 6. O-O O-O 7. Bxc6 bxc6 8.
a4 Be6 9. a5 Re8 10. c3 a6 11. h3 Rb8 12. Qc2 Ba7 13. d4 Nh5 14. Qd3 Rb5 15. Nb1
exd4 16. Na3 Rb3 17. Nxd4 Bxd4 18. Qxd4 c5 19. Qd3 Qa8 20. Re1 Nf6 21. e5 dxe5
22. Rxe5 Bd5 23. Rxe8+ Nxe8 24. Qg3 Nd6 25. Nc2 Be4 26. Ne3 Qe8 27. Ng4 Qe6 28.
Qe5 Qxe5 29. Nxe5 f6 30. Nd7 Rb5 31. Be3 c4 32. Nc5 Bb7 33. Ne6 Rxb2 34. Nxc7
Nf5 35. Bb6 Nh4 36. Rd1 Bxg2 37. Nxa6 Bf3 38. Ra1 Kf7 39. Nb4 Ba8 40. Rd1 Nf3+
41. Kf1 Nh2+ 42. Kg1 Nf3+ 43. Kf1 Nh2+ 44. Kg1 Nf3+ 1/2-1/2

[Event "PNWCC Masters WOO 2020"]
[Site "chess.com INT"]
[Date "2020.07.06"]
[Round "8.2"]
[White "Matlakov, Maxim"]
[Black "Fedoseev, Vladimir3"]
[Result "1-0"]
[WhiteTitle "GM"]
[BlackTitle "GM"]
[WhiteElo "2685"]
[BlackElo "2678"]
[WhiteFideId "4168003"]
[BlackFideId "24130737"]
[EventDate "2020.07.04"]

1. d4 Nf6 2. c4 g6 3. Nc3 Bg7 4. e4 d6 5. h3 O-O 6. Be3 Nc6 7. d5 Ne5 8. Be2 c6
9. Nf3 Nxf3+ 10. Bxf3 Nd7 11. Qd2 a5 12. O-O a4 13. Rac1 Qa5 14. Rfd1 f5 15.
exf5 Ne5 16. Be2 Bxf5 17. f4 Nf7 18. Bf3 Rfc8 19. Re1 c5 20. a3 Bd7 21. Bg4 Bxg4
22. hxg4 Re8 23. Bf2 Qc7 24. Re4 Qd7 25. Qe2 Kh8 26. Re1 Nh6 27. Re6 Rf8 28. g3
Ng8 29. g5 Bxc3 30. bxc3 Kg7 31. Kg2 Rf7 32. Qe4 b5 33. g4 bxc4 34. Rh1 Kf8 35.
f5 gxf5 36. gxf5 Rg7 37. Kf3 Rb8 38. Be3 Rf7 39. Bf4 Rb3 40. f6 Rxc3+ 41. Kg4 h6
42. fxe7+ Ke8 43. Qg6 1-0

[Event "PNWCC Masters WOO 2020"]
[Site "chess.com INT"]
[Date "2020.07.06"]
[Round "8.3"]
[White "Le, Quang Liem"]
[Black "Liang, Awonder"]
[Result "1/2-1/2"]
[WhiteTitle "GM"]
[BlackTitle "GM"]
[WhiteElo "2709"]
[BlackElo "2592"]
[WhiteFideId "12401137"]
[BlackFideId "2056437"]
[EventDate "2020.07.04"]

1. Nf3 Nf6 2. c4 e6 3. g3 Be7 4. Bg2 O-O 5. O-O d5 6. d4 Nbd7 7. Qc2 c6 8. Rd1
b6 9. Nc3 Ba6 10. Ne5 Qc8 11. cxd5 cxd5 12. Bf4 Nxe5 13. dxe5 Ne4 14. Bxe4 dxe4
15. Rac1 Rd8 16. Qxe4 Rxd1+ 17. Nxd1 Qd8 18. Nc3 Qe8 19. Be3 Rc8 20. Rd1 h6 21.
Rd4 Rc7 22. Qg4 Kh7 23. Ra4 Bc8 24. Rc4 Rxc4 25. Qxc4 Bb7 26. f3 Qb8 27. Qd4 Kg8
28. Bf2 Qc7 29. Kf1 Bc6 30. Qc4 Qd7 31. a4 Bb7 32. Be3 Qc6 33. Qd4 Ba6 34. Kf2
Bc4 35. a5 bxa5 36. Qxa7 Bb4 37. Ne4 Ba6 38. Nd6 Bxd6 39. exd6 Qxd6 40. Bb6 Bb5
41. Qxa5 Qd5 42. Be3 Qc4 43. Qd2 f6 44. Bd4 e5 45. Bc3 Qc5+ 46. Kf1 Qc6 47. Qe3
Qd5 48. Ke1 Qc4 49. f4 exf4 50. gxf4 Qd5 51. Kf2 Qh5 52. Qe6+ Kh8 53. h3 Qh4+
54. Kf3 Qh5+ 55. Kf2 Qh4+ 56. Kf3 Qh5+ 57. Qg4 Qd5+ 58. Kf2 Bd7 59. Qg3 Qe6 60.
h4 Bb5 61. Qf3 Bc6 62. Qg3 Bb5 63. Qf3 Bc6 64. Qe3 Qg4 65. Qg3 Qxg3+ 66. Kxg3 f5
67. Kf2 Kg8 68. Ke3 Bb5 69. Kd4 Bxe2 70. Ke5 Kf7 71. Kxf5 g6+ 72. Ke5 Ke7 73.
Bb4+ Kf7 74. Bc3 Ke7 75. b4 h5 76. Kd5 Kd7 77. Kc5 Kc7 78. b5 Kb7 79. b6 Bd3 80.
Bd4 Bf5 81. Kd6 Bg4 82. Ke5 Bf5 83. Kf6 Kb8 1/2-1/2

[Event "PNWCC Masters WOO 2020"]
[Site "chess.com INT"]
[Date "2020.07.06"]
[Round "8.4"]
[White "Vitiugov, Nikita"]
[Black "Hovhannisyan, Robert"]
[Result "1-0"]
[WhiteTitle "GM"]
[BlackTitle "GM"]
[WhiteElo "2722"]
[BlackElo "2642"]
[WhiteFideId "4152956"]
[BlackFideId "13302507"]
[EventDate "2020.07.04"]

1. c4 c6 2. Nf3 d5 3. e3 Nf6 4. Qc2 e6 5. b3 Bd6 6. Bb2 O-O 7. d4 Nbd7 8. Bd3 b6
9. O-O Bb7 10. Nbd2 Rc8 11. Rac1 c5 12. dxc5 Nxc5 13. Bxf6 Qxf6 14. Bxh7+ Kh8
15. Bd3 dxc4 16. Bxc4 g5 17. h3 Rg8 18. Qc3 Qxc3 19. Rxc3 g4 20. hxg4 Rxg4 21.
Be2 Kg7 22. Rc4 Rxc4 23. Nxc4 Be7 24. Nd4 Bf6 25. Nd6 Rd8 26. Nxb7 Nxb7 27. Rd1
Bxd4 28. Rxd4 Rxd4 29. exd4 Nd6 30. Bd3 Kf6 31. Kf1 e5 32. dxe5+ Kxe5 33. Ke2
Kd4 34. Kd2 b5 35. f3 a5 36. g4 f6 37. f4 b4 38. g5 fxg5 39. fxg5 Ne8 40. g6 Ng7
41. Bb5 Ke4 42. Bd7 Nh5 43. Bc8 Ng7 44. Bh3 Nh5 45. Bd7 Ng7 46. Ke2 Nh5 47. Bc6+
Ke5 48. Ke3 Ng3 49. Kd3 Kf6 50. Be8 Kg7 51. Bf7 Kf6 52. Ke3 Kg7 53. Kf3 Nf5 54.
Kf4 Nd4 55. Ke3 Nf5+ 56. Kd3 Ng3 57. Kc2 Kf6 58. Kd2 Kg7 59. Be8 Kf6 60. Ke3 Kg7
61. Kf3 Nf5 62. Bf7 Kf6 63. Kf4 Nd4 64. Ke3 Nf5+ 65. Kd3 Ng3 66. Be8 Kg7 67. Kd2
Kf6 68. Bf7 Kg7 69. Ke3 Kf6 70. Kd3 Kg7 71. Kc2 Kf6 72. a4 bxa3 73. Kb1 Ne4 74.
Ka2 Nc5 75. Kxa3 Nd7 76. Kb2 Nb6 77. Kc3 Kg7 78. Kd4 a4 79. b4 Nc8 80. b5 Kf6
81. Kc3 Nd6 82. b6 a3 83. Kb3 Ke7 84. Kxa3 Nb7 85. Bd5 Nd6 86. g7 1-0

[Event "PNWCC Masters WOO 2020"]
[Site "chess.com INT"]
[Date "2020.07.06"]
[Round "8.5"]
[White "Ter-Sahakyan, Samvel"]
[Black "Swiercz, Dariusz"]
[Result "1/2-1/2"]
[WhiteTitle "GM"]
[BlackTitle "GM"]
[WhiteElo "2640"]
[BlackElo "2649"]
[WhiteFideId "13302531"]
[BlackFideId "1126881"]
[EventDate "2020.07.04"]

1. e4 e5 2. Nf3 Nc6 3. Bb5 a6 4. Ba4 Nf6 5. O-O Be7 6. Re1 b5 7. Bb3 O-O 8. a4
Bb7 9. d3 d6 10. Nc3 b4 11. Ne2 Na5 12. Ba2 c5 13. c3 Nc6 14. Ng3 Bc8 15. h3 Be6
16. Bxe6 fxe6 17. d4 bxc3 18. bxc3 cxd4 19. cxd4 Nxd4 20. Nxd4 exd4 21. Qxd4 Rc8
22. Ba3 Rc2 23. Rec1 Qc7 24. Qd3 Rxc1+ 25. Rxc1 Qb6 26. Ne2 Nxe4 27. Qxe4 d5 28.
Qd4 Qxd4 29. Nxd4 Bxa3 30. Rc6 e5 31. Nc2 Be7 32. Rxa6 Bc5 33. Ne3 d4 34. Rc6
Ba7 35. Nd1 e4 36. Re6 e3 37. fxe3 dxe3 38. Nxe3 Rf4 39. Kh2 Bxe3 40. Rxe3 Rxa4 1/2-1/2